000 00428nab a2200145Ia 4500
003 ES-SlBCS
005 20210601131328.0
008 140529s1986 xxu||||| |||| 00| 0 fre d
041 _afre
100 1 _aImbert, Francis
_9165273
245 0 0 _aInnovation et temporalité
_c Francis Imbert
650 0 4 _aInnovación Educativa
_9123931
773 0 _tRevue Française de Pedagogie
_gnº. 75, 1986, págs. 53-60
_wRev888
942 _cAR
999 _c561343
_d561343